000 00361nam a2200145Ia 4500
008 230711s9999||||xx |||||||||||||| ||und||
041 _aFRE
082 _a720
_bCH-S
100 _aChattopadhyay,A
245 0 _aSpinning : drawing combing and roving
250 _a1st Ed.
260 _c1994
_aNew Delhi
_bN Cute,IIT
650 _aTextile Engineering
942 _cBK
999 _c3953
_d3953